Islands with mountains above 10000 feet - Statistics

General Stats
  • This quiz has been taken 8 times
  • The average score is 11 of 18
Answer Stats
"4884 m % Correct
12,388 ft" Honshu
100%
12,060 ft" Java
100%
13,435 ft" Borneo
86%
13,802 ft" Hawaiʻi
86%
11,411 ft" Sulawesi
86%
12,484 ft" Sumatra
86%
12,966 ft" Taiwan
86%
12,119 ft" Greenland
71%
16,024 ft" New Guinea
71%
12,218 ft" South Island
71%
10,023 ft Maui
57%
11,165 ft" Sicily
43%
12,188 ft" Tenerife
43%
10,164 ft" Hispaniola
29%
10,070 ft" Réunion
29%
10,200 ft" Siple Island
14%
12,224 ft" Lombok
0%
12,448 ft" Ross Island
0%
No matching quizzes found
Score Distribution
Percent of People with Each Score
Percentile by Number Answered
Your Score History
You have not taken this quiz